| 000 | 00936nam a22003017a 4500 | ||
|---|---|---|---|
| 003 | DO-SdBPM | ||
| 005 | 20260512102914.0 | ||
| 007 | ta | ||
| 008 | 161031b2006 xx a 00| 0 spa d | ||
| 020 | _a0765277077 | ||
| 040 |
_aDO-SdBPM _bspa _cBPMSU _erda |
||
| 082 | 0 | 4 |
_a910.9142 _bS616v 2005 _222 |
| 100 | 1 |
_aSinclair, Joanne _4aut. _eautor |
|
| 245 | 1 | 0 |
_aVida en las islas / _cJoanne Sinclair |
| 264 |
_aEstados Unidos : _bCelebration Press ; _bPearson Learning Group , _c2005 |
||
| 300 |
_a24 páginas : _bilustracione ; _c23 cm. |
||
| 336 |
_atexto _btxt _2rdaconten |
||
| 337 |
_asin mediación _bn _2rdamedia |
||
| 338 |
_avolumen _bnc _2rdacarrier |
||
| 490 | 0 | _aiOpeners | |
| 500 | _aIncluye índice | ||
| 500 | _aIncluye glosario | ||
| 590 | _aInventariado, 2026/VM | ||
| 651 | 7 |
_aIslas _x Geografías _2 |
|
| 651 | 7 |
_aIslas _xDescripciónes |
|
| 910 | _aVMateo V. Control de calidad. BPMSU | ||
| 942 |
_2ddc _cBK |
||
| 999 |
_c12607 _d12607 |
||